<?xml version="1.0" encoding="UTF-8"?>
<collection xmlns="http://www.loc.gov/MARC21/slim">
    <record>
        <controlfield tag="001">48599</controlfield>
        <controlfield tag="005">20160420145259.0</controlfield>
        <datafield tag="037" ind1=" " ind2=" ">
            <subfield code="a">TAZ-PFC-2015-349</subfield>
        </datafield>
        <datafield tag="041" ind1=" " ind2=" ">
            <subfield code="a">spa</subfield>
        </datafield>
        <datafield tag="100" ind1="1" ind2=" ">
            <subfield code="a">Martínez Castillón, Sergio</subfield>
        </datafield>
        <datafield tag="245" ind1="0" ind2="0">
            <subfield code="a">Diseño y construcción de un almacén de productos fitosanitarios</subfield>
        </datafield>
        <datafield tag="260" ind1=" " ind2=" ">
            <subfield code="a">Zaragoza</subfield>
            <subfield code="b">Universidad de Zaragoza</subfield>
            <subfield code="c">2015</subfield>
        </datafield>
        <datafield tag="506" ind1=" " ind2=" ">
            <subfield code="a">by-nc-sa</subfield>
            <subfield code="b">Creative Commons</subfield>
            <subfield code="c">3.0</subfield>
            <subfield code="u">http://creativecommons.org/licenses/by-nc-sa/3.0/</subfield>
        </datafield>
        <datafield tag="520" ind1=" " ind2=" ">
            <subfield code="a">En el proyecto propuesto se ha realizado diseño de un establecimiento para albergar productos fitosanitarios con arreglo a la vigente normativa que regula el almacenamiento de este tipo de productos. Desde el almacén proyectado se distribuirá la mercancía para dar servicio a toda la provincia de Huesca, tanto en productos específicos de cultivos extensivos, como de arboricultura.  La ubicación del almacén se establece en Sariñena (Huesca) dado que es un punto céntrico, de gran actividad agraria y desde el que se puede acometer la distribución de los productos a todas las comarcas de la provincia de Huesca. El diseño estructural estará compuesto de pórticos y pilares de hormigón prefabricado, cerramientos de fachada del mismo material y la cubierta se ejecutara a dos aguas en panel sándwich, todo ello de acuerdo con el CTE.  Las instalaciones interiores de fontanería, saneamiento contra incendios y eléctrica, se ejecutaran para que la edificación cumpla los requeridos requisitos de seguridad y funcionamiento marcados por la normativa de obligado cumplimiento que atañe a esta actividad Cumpliendo la normativa municipal urbana en vigor para la edificación del almacén. El proyecto constara de los siguientes documentos: Memoria Anejos a la memoria Planos Pliego de condiciones Presupuesto Estudio de seguridad y salud.</subfield>
        </datafield>
        <datafield tag="521" ind1=" " ind2=" ">
            <subfield code="a">Ingeniero Técnico Agrícola (Explotaciones Agropecuarias)</subfield>
        </datafield>
        <datafield tag="540" ind1=" " ind2=" ">
            <subfield code="a">Derechos regulados por licencia Creative Commons</subfield>
        </datafield>
        <datafield tag="700" ind1=" " ind2=" ">
            <subfield code="a">Vidal Cortés, Mariano</subfield>
            <subfield code="e">dir.</subfield>
        </datafield>
        <datafield tag="710" ind1="2" ind2=" ">
            <subfield code="a">Universidad de Zaragoza</subfield>
            <subfield code="b">Ciencias Agrarias y del Medio Natural</subfield>
            <subfield code="c">Ingeniería Agroforestal</subfield>
        </datafield>
        <datafield tag="856" ind1="0" ind2=" ">
            <subfield code="f">402406@celes.unizar.es</subfield>
        </datafield>
        <datafield tag="856" ind1="4" ind2=" ">
            <subfield code="s">17572238</subfield>
            <subfield code="u">http://zaguan.unizar.es/record/48599/files/TAZ-PFC-2015-349.pdf</subfield>
            <subfield code="y">Memoria (spa)</subfield>
        </datafield>
        <datafield tag="909" ind1="C" ind2="O">
            <subfield code="o">oai:zaguan.unizar.es:48599</subfield>
            <subfield code="p">proyectos-fin-carrera</subfield>
            <subfield code="p">driver</subfield>
        </datafield>
        <datafield tag="950" ind1=" " ind2=" ">
            <subfield code="a"></subfield>
        </datafield>
        <datafield tag="951" ind1=" " ind2=" ">
            <subfield code="a">deposita:2016-04-20</subfield>
        </datafield>
        <datafield tag="980" ind1=" " ind2=" ">
            <subfield code="a">TAZ</subfield>
            <subfield code="b">PFC</subfield>
            <subfield code="c">EPSHUES</subfield>
        </datafield>
    </record>

    
</collection>